00322 2200133 4500001002100000005001500021035002000036245003400056100001800090260003600108082000800144084001400152990002200166INLIS00000000000247420250604110029 a0010-06250000601 aNeraka Dunia /cN.St Iskandar0 aN.St Iskandar aJakarta :bBalai Pustaka,c2000 a800 a800 N.S n a000097 s/d 000099